000 00907cam a22002655a 4500
001 L157987
002 19448
008 130926s2013 xxk f 000 0 eng d
020 _a9781118332658
035 _a(Sirsi) u157987
041 0 _aeng
050 0 4 _a692.5
110 2 _aOstrowski, Sean, D.C.
245 0 0 _aEstimating and cost planning using the new rules of measurement
260 _aOxford
_bJohn Wiley & Sons
_c2013
350 _a37.50
520 _aEstimating and Cost Planning using the New Rules of Measurement offers comprehensive guidance on all the technical competencies concerned with estimating throughout the precontract stages.
521 _aAdvanced
590 _aKA
650 2 4 _aBUILT ENVIRONMENT-QUANTITY SURVEYING-CONSTRUCTION COST ESTIMATING
650 2 4 _aNEW RULES OF MEASUREMENT 1
651 4 _aENGLAND AND WALES
690 _aQuantity surveying
_96263
942 _n0
999 _c115057
_d115057